Kontury państw Oceanii według stolic (Bardzo Trudne +) - Statystyki

Ogólne statystyki
  • Ten quiz został rozwiązany 17 razy
    4 od ostatniego zresetowania
  • Średni wynik to 19 z 31
Statystyki odpowiedzi
Obrazkowy Hint Odpowiedź % Poprawnych
Apia
100%
Bairiki / Tarawa
100%
Canberra
100%
Dżakarta
100%
Honiara
100%
Pago Pago / Fagatogo
100%
Port Moresby
100%
Sala y Gómez Santiago
100%
Suva
100%
Waszyngton
100%
Yaren
100%
Adamstown
50%
Alofi
50%
Atafu
50%
Avarua
50%
Capital Hill / Saipan
50%
Hagåtña
50%
Hanga Roa
50%
Honolulu
50%
Kingston
50%
Mata Utu
50%
Numea
50%
Palikir
50%
Papeete
50%
Port Vila
50%
Ogasawara Tokio
50%
Delap / Majuro
0%
Ngerulmud
0%
Nuku‘alofa
0%
Vaiaku / Funafuti
0%
Wellington
0%
Nie znaleziono quizów pasujących do podanych kryteriów
Rozkład punktacji
Procent ludzi z każdym wynikiem
Percentyl według liczby udzielonych odpowiedzi
Twoja historia wyników
Nie rozwiązałeś tego quizu od ostatniego zresetowania